000
00237nam a2200109 a 4500
008
110412s1968|||| d
245
1
0
_a
Dějiny světa 10
260
_b
Svoboda
_a
Praha
_c
1968
020
_c
79
041
_a
ces
044
_a
CZ
999
_c
18951
_d
18951